| 000 | 00901cab a2200265 4500 | ||
|---|---|---|---|
| 001 | ABS58583 | ||
| 008 | 090401t1998 xxu||||| |||| 00| 0 eng d | ||
| 035 | _a(Sirsi) u85693 | ||
| 041 | _aeng | ||
| 100 |
_aCampbell, Scott _xEditor |
||
| 245 | _aEviction is a waste of money | ||
| 260 | _c1998 | ||
| 350 | _a0 | ||
| 490 |
_aHousing _v34(3) April 1998, 13(1) |
||
| 520 | _aSuggests that evicting travellers from unauthorised sites may be costing local authorities too much money and providing authorised sites could be more cost effective. A survey by the Telephone Legal Advice Service for Travellers found that the cost to councils could be up to £7m a year. | ||
| 650 | _aCOST | ||
| 650 | _aEVICTION | ||
| 650 | _aGYPSIES | ||
| 650 | _aGYPSY SITES | ||
| 650 | _aLOCAL AUTHORITIES | ||
| 650 | _aTRAVELLERS | ||
| 690 |
_aBlock management _96220 |
||
| 942 | _n0 | ||
| 948 | _c21/04/1998 | ||
| 999 |
_c53902 _d53902 |
||